[Event "London Classic op U1600 11th"]
[Site "London"]
[Date "2019.12.01"]
[Round "4"]
[White "Rungta, Vedaangh"]
[Black "Rancurel, Kai"]
[Result "1-0"]
[WhiteElo "1015"]
[BlackElo "782"]
[PlyCount "87"]
[EventDate "2019.11.29"]
[EventType "swiss"]
[EventRounds "5"]
[EventCountry "ENG"]
[SourceTitle "CBM 195 Extra"]
[Source "ChessBase"]
[SourceDate "2020.05.31"]
[SourceVersion "1"]
[SourceVersionDate "2020.05.31"]
[SourceQuality "1"]

1. e4 e5 2. Nf3 d6 3. Bc4 Nf6 4. Nc3 Be7 5. 0-0 0-0 6. d4 Nc6 7. d5 Na5 8. Bd3 c6 9. b4 Bg4 10. h3 Bh5 11. g4 Bg6 12. Nh4 cxd5 13. bxa5 dxe4 14. Nxg6 hxg6 15. Nxe4 d5 16. Ng5 e4 17. Be2 Qd6 18. f4 d4 19. Rb1 Rab8 20. Bb2 b6 21. Bxd4 Rfd8 22. Be5 Qxd1 23. Bxd1 Bc5+ 24. Kh1 bxa5 25. Rxb8 Rxb8 26. Bxb8 Nd5 27. Nxe4 Ne3 28. Re1 f5 29. Nxc5 g5 30. Rxe3 fxg4 31. Bxg4 g6 32. f5 gxf5 33. Bxf5 g4 34. Re8+ Kg7 35. Re7+ Kg8 36. Ne6 gxh3 37. Ng5 Kf8 38. Rc7 Kg8 39. Rf7 Kh8 40. c4 a6 41. c5 a4 42. c6 a5 43. c7 a3 44. c8R# 1-0

[Event "London Classic op U1600 11th"]
[Site "London"]
[Date "2019.11.29"]
[Round "1"]
[White "Varghese, David J"]
[Black "Rungta, Vedaangh"]
[Result "1-0"]
[WhiteElo "1435"]
[BlackElo "1015"]
[PlyCount "75"]
[EventDate "2019.11.29"]
[EventType "swiss"]
[EventRounds "5"]
[EventCountry "ENG"]
[SourceTitle "CBM 195 Extra"]
[Source "ChessBase"]
[SourceDate "2020.05.31"]
[SourceVersion "1"]
[SourceVersionDate "2020.05.31"]
[SourceQuality "1"]

1. Nf3 d5 2. e3 Nc6 3. c4 Be6 4. b3 g6 5. Bb2 Nf6 6. d4 Bg7 7. Bd3 Ne4 8. a3 0-0 9. Qc2 Bf5 10. Nc3 e5 11. cxd5 Nxc3 12. Bxc3 e4 13. Bxe4 Ne7 14. Bxf5 Nxf5 15. e4 Nh4 16. Nxh4 Qxh4 17. g3 Qg4 18. 0-0 Qf3 19. Rad1 Rae8 20. e5 Qxd5 21. Bb4 c5 22. dxc5 Qc6 23. Rd6 Qb5 24. f4 a5 25. Rb6 Qd7 26. c6 Qd4+ 27. Kg2 Qxb6 28. Bxf8 Rxf8 29. c7 Rc8 30. Rc1 Bf8 31. Qc4 Qe3 32. Rd1 b5 33. Qc2 Qb6 34. Rd7 Bxa3 35. Kh3 a4 36. Kh4 axb3 37. Qxb3 b4 38. Qxf7+ 1-0